000 00589nam a2200217Ia 4500
005 20241129115658.0
008 241129s9999||||xx |||||||||||||| ||und||
020 _a9789393715333
037 _aTB
040 _aSDCL
_beng
_cSDCL
041 _aeng
_2eng
084 _aV2:3(Q)'N R2
_qSDCL
100 _aDoyle Mark
_9728065
245 0 _aCommunal violence in the British empire : Disturbing the pax
260 _aNew Delhi
_bBloomsbury
_c2022
300 _axi,283p.
365 _aINR
_b799
650 _aHistory
942 _cTB
_hV2:3(Q)'N R2
999 _c1231534
_d1231534